000 00368nam a2200157Ia 4500
008 221030s9999 xx 000 0 und d
020 _a0074518534
041 _aEnglish
082 _a105.23
_bRam
100 _aK. V. Ramanan
245 0 _aFunctional Electronics
_cby K. V. Ramanan
260 _bTMH
_aNew Delhi
_c2000
300 _a751
650 _aECE
942 _cBK
999 _c6638
_d6638